Current UEFA Champions League Stadia - Statistics

General Stats
  • This quiz has been taken 257 times
    173 since last reset
  • The average score is 13 of 36
Answer Stats
Country Country Team Stadium % Correct
England Arsenal Emirates Stadium
95%
England Aston Villa Villa Park
86%
England Liverpool Anfield
78%
Germany Bayern Munich Allianz Arena
77%
Italy Inter Milan Stadio Giuseppe Meazza
75%
Spain Atlético Madrid Estadio Cívitas Metropolitano
74%
Italy Milan Stadio Giuseppe Meazza
74%
Spain Real Madrid Estadio Santiago Bernabéu
72%
England Manchester City Etihad Stadium
72%
Germany Borussia Dortmund Signal Iduna Park
61%
Italy Juventus Allianz Stadium
54%
France Paris Saint-Germain Parc des Princes
50%
Germany RB Leipzig Red Bull Arena
41%
Germany Bayer Leverkusen BayArena
40%
Scotland Celtic Celtic Park
38%
Spain Barcelona Estadi Olímpic Lluís Companys
38%
Portugal Benfica Estádio da Luz
32%
Italy Atalanta Gewiss Stadium
28%
Austria Red Bull Salzburg Red Bull Arena
28%
Netherlands Feyenoord Stadion Feijenoord
26%
France Monaco Stade Louis II
25%
Italy Bologna Stadio Renato Dall'Ara
15%
Portugal Sporting Lisbon Estádio José Alvalade
14%
Netherlands PSV Eindhoven Philips Stadion
14%
Serbia Crvena zvezda Rajko Mitić Stadium
14%
France Lille Decathlon Arena – Stade Pierre-Mauroy
12%
Belgium Club Brugge Jan Breydel Stadium
11%
Switzerland Young Boys Wankdorf Stadium
10%
Croatia Dinamo Zagreb Stadion Maksimir
9%
Spain Girona Estadi Montilivi
8%
Germany Stuttgart MHPArena
8%
France Brest Stade Francis-Le Blé
7%
Czech Republic Sparta Prague epet ARENA
5%
Slovakia Slovan Bratislava Národný futbalový štadión
4%
Ukraine Shakhtar Donetsk Volksparkstadion
4%
Austria Sturm Graz Merkur-Arena
3%
No matching quizzes found
Score Distribution
Percent of People with Each Score
Percentile by Number Answered
Your Score History
You have not taken this quiz since the last reset